LEADER 01091nam a2200265 4500 001 000000357054 003 CaOOAMICUS 005 20240208120559.0 008 240205s1990 it 000 u ita r 020 $a88-85926-07-X 040 $aSeMil$bita 100 1 $aColzani, Gianni,$d<1940- >.$0(OLS)http://semarc/name/3154 245 10$aCEB :$bparrocchia impegnata nel territorio /$cGianni Colzani. 264 1$aCatania :$bChiesa-Mondo,$cstampa 1990. 300 $a51 p. ;$c19 cm 490 1 $aDal tempio alla strada ;$v2 650 4$aParrocchia.$0(OLS)http://semarc/subject/5780 830 0$aDal tempio alla strada ;$v2.$0(OLS)http://semarc/title/447296 850 $aSeMil 852 $aSeMil$W1$xVenegono$y1$m5C IV 10/22$j245988$B248237$CSeMilBibl$Z2$F248237 $81 961 $aCitrini don Tullio - Omaggio 996 $6020$a88-85926-07-X$9(OLS)http://semarc/number/299754 996 $6245$aCEB :$bparrocchia impegnata nel territorio$9(OLS)http://semarc/title/447295 996 $6264$aCatania :$bChiesa-Mondo$9(OLS)http://semarc/publisher/39722 LEADER 01195nam a2200265 i 4500 001 000000227037 003 CaOOAMICUS 005 20140212000000.0 008 140212s1968 it u000 u ita u 013 $a205939 040 $aSeMil$bita 100 1 $aBoggs, James.$0(OLS)http://semarc/name/78737 240 14$aThe American revolution.$0(OLS)http://semarc/title/325014 245 13$aLa rivoluzione americana :$bpagine dal block notes di un lavoratore negro /$cJames Boggs. 260 $aMilano :$bJaca Book,$c1968. 300 $aXX, 90 p. ;$c20 cm. 490 0 $aPiccola serie ;$v9 650 4$aAfroamericani - Stati Uniti d'America.$0(OLS)http://semarc/subject/17234 650 4$aStati Uniti d'America - Condizioni economiche e sociali.$0(OLS)http://semarc/subject/41176 830 0$aPiccola serie ;$v9.$0(OLS)http://semarc/title/6271 850 $aSeMil 852 $aSeMil$W1$xVenegono$y1$m3V V 13$j177383$B177383$CSeMilBibl$Z2$F189610 $81 961 $aOmaggio: Ferrario mons. Emilio 996 $6245$aLa rivoluzione americana :$bpagine dal block notes di un lavoratore negro$9(OLS)http://semarc/title/325013 996 $6260$aMilano :$bJaca Book$9(OLS)http://semarc/publisher/29781